000 01214cam a22003497a 4500
003 CHAP
005 20220329141739.0
008 971013s1984 r 00010 d
010 _a73254
011 _a74226
035 _a83785
040 _cCHAP
090 _aTesis
100 0 0 _aGarcía Paredes, J. Diego.
_946422
245 1 0 _aOptimización tecnológica para maíz bajo el sistema de producción roza-tumba-quema en la Península de Yucatán
260 _aChapingo, Méx. :
_bEl autor,
_c1984
300 _a249 h.
_b: gráfs.
502 _aTesis (M.C. Esp. en Edafología) -- CP. Colegio de Postgraduados
590 _aALEPH
_b10
_c20130110
_lUCH01
_h1415
590 _aBATCH-UPD
_b10
_c20130110
_lUCH01
_h0612
590 _aBATCH-UPD
_b10
_c20130110
_lUCH01
_h2255
590 _aBATCH-UPD
_b10
_c20130410
_lUCH01
_h0254
590 _aBATCH-UPD
_b10
_c20130914
_lUCH01
_h1125
590 _aCONVERSION
_b10
_c20130109
_lUCH01
_h1340
650 1 4 _aCultivos asociados.
_930370
650 1 4 _aMaíz
_xYucatán.
_971086
650 1 4 _aRoza.
_9100413
710 0 _aColegio de Postgraduados. Chapingo, Méx. Centro de Edafología.
_925074
901 _aBK
942 _cTESIS
949 _bBC
_cTES
_d-38589
_eTS1
_i83785
_si
999 _c73254
_d73254